000 00564nam a2200241 a 4500
001 nice12345678
003 IN_TiNIC
005 20260116011440.0
008 050524s0000 laha grp 000 0 urd
020 _a
_c100
082 0 0 _a922.97
_bIQB2
100 _aIqbal, Sir Mohammad
245 _aBal-E-Jibrayel
260 _aLahore
_bTaj Co.
_c0000
300 _a224p
500 _aincludes index and biblioraphy
505 2 _aArchives
650 _aUrdu-Poetry-iqbal
700 1 _aIqbal, Sir Mohammad
902 _bSRS
942 _cBK
999 _c1635
_d1635